Quiet as a nun
Novela ficticia de suspenso, gira en torno a Jemima Shore, una popular reportera de noticias de televisión en Gran Bretaña, quien se siente atraída por el Convento de la Beata Leonor en Sussex, cuando la Reverenda Madre Ancilla le pide que la visite. Una vieja compañera de clase de Jemima, conocida...
محفوظ في:
| المؤلف الرئيسي: | |
|---|---|
| التنسيق: | كتاب |
| اللغة: | Undetermined |
| منشور في: |
New York, Estados Unidos
ACE Printing
1978
|
| الموضوعات: | |
| الوسوم: |
إضافة وسم
لا توجد وسوم, كن أول من يضع وسما على هذه التسجيلة!
|
MARC
| LEADER | 00000nam a2200000Ia 4500 | ||
|---|---|---|---|
| 008 | 170316s9999 xx 000 0 und d | ||
| 040 | |a cru BVZT | ||
| 090 | |a 810 F-23q | ||
| 100 | |a Fraser, Antonia |9 796 | ||
| 245 | |a Quiet as a nun |c / Antonia Fraser | ||
| 260 | |a New York, Estados Unidos | ||
| 260 | |b ACE Printing | ||
| 260 | |c 1978 | ||
| 300 | |a 302 páginas | ||
| 520 | |a Novela ficticia de suspenso, gira en torno a Jemima Shore, una popular reportera de noticias de televisión en Gran Bretaña, quien se siente atraída por el Convento de la Beata Leonor en Sussex, cuando la Reverenda Madre Ancilla le pide que la visite. Una vieja compañera de clase de Jemima, conocida como la hermana Miriam, quien heredaría una de las mayores fortunas de Gran Bretaña, murió en la torre del convento. La Madre Ancilla pide a Jemima investigar para dar sentido a la muerte, así como a otros sucesos recientes, y mientras esta lo hace se da cuenta de que más vidas, incluida la suya, están siendo amenazadas. | ||
| 650 | |a LITERATURA ESTADOUNIDENSE |9 25 | ||
| 650 | |a EN IDIOMA INGLÉS |9 129 | ||
| 650 | |a NOVELA DE SUSPENSO |9 797 | ||
| 999 | |c 5618 |d 5618 | ||
| 942 | |c 15 D |h 810 F-23q |2 z | ||
